00689 2200229 4500001002100000005001500021035002000036245009000056100002800146250001400174300005000188856003000238700002100268260004600289082000800335084001400343020001800357650002300375008004100398990001000439990001000449INLIS00000000114736120260226105635 a0010-02260009811 aTerampil Mengelola Aneka Sampah /cPenulis: Sumarlin, Siska Tanjung; Desain Isi: Josh0 aSumarlin, Siska Tanjung aCetakan I a58 halaman :bIlustrasi ;c14 x 21 cmeKertas aLayanan Perpustakaan Umum0 aDesain Isi: Josh aYogyakarta :bCV. Lebah Buku Group,c2023 a628 a628 SUM t a9786235703114 4aPengelolaan Sampah260226 0  a//002 a//002